Value, justice, and presumption in the late scholastic controversy over price regulation (Record no. 510918)

000 -LEADER
fixed length control field 00442nam a2200145 4500
008 - FIXED-LENGTH DATA ELEMENTS--GENERAL INFORMATION
fixed length control field 190904b ||||| |||| 00| 0 eng d
100 ## - MAIN ENTRY--PERSONAL NAME
Personal name Blank, Andreas
245 ## - TITLE STATEMENT
Title Value, justice, and presumption in the late scholastic controversy over price regulation
260 ## - PUBLICATION, DISTRIBUTION, ETC. (IMPRINT)
Date of publication, distribution, etc 2019
300 ## - PHYSICAL DESCRIPTION
Extent p.183-202.
650 ## - SUBJECT ADDED ENTRY--TOPICAL TERM
Topical term or geographic name as entry element Price - Regulation
9 (RLIN) 9674
773 ## - HOST ITEM ENTRY
Main entry heading Journal of the History of Ideas
906 ## - LOCAL DATA ELEMENT F, LDF (RLIN)
Subject DIP Price policy
942 ## - ADDED ENTRY ELEMENTS (KOHA)
Source of classification or shelving scheme
Item type Articles
Holdings
Withdrawn status Lost status Source of classification or shelving scheme Damaged status Not for loan Permanent location Current location Date acquired Serial Enumeration / chronology Barcode Date last seen Koha item type
          Indian Institute of Public Administration Indian Institute of Public Administration 2019-09-04 80(1), Jan, 2019: p.183-202. AR120753 2019-09-04 Articles

Powered by Koha